Sports Quiz

Random Sports or NBA Quiz

NBA Teams First All Stars Quiz Stats

 Plays Quiz not verified by Sporcle

Score 0/30 Timer 10:00
0 Plays Today
Team Player(s) % Correct
Minnesota TimberwolvesKevin Garnett and Tomn Gugliotta
91.1%
Toronto RaptorsVince Carter
91.1%
Memphis GrizzliesPau Gasol
89.9%
Orlando MagicShaquille O'Neal
89.3%
Charlotte BobcatsGerald Wallace
88.7%
Miami HeatAlonzo Mourning
86.3%
Cleveland CavaliersJohn Johnson
72.6%
San Antonio SpursGeorge Gervin
72.6%
New Orleans Hornets (as Charlotte Hornets)Larry Johnson
72.6%
Boston CelticsEd Macauley and Bob Cousy
72%
Los Angeles Lakers (as Minneapolis Lakers)George Mikan, Jim Pollard and Vern Mikkelsen
67.9%
Denver NuggetsDavid Thompson, Bobby Jones and Dan Issel
60.7%
Utah Jazz (as New orleans Jazz)Pete Maravich
58.9%
New Jersey NetsBuck Williams
49.4%
Chicago BullsJerry Sloan and Walt Bellamy
48.2%
Team Player(s) % Correct
Philadelphia 76ers (as Syracuse Nationals)Dolph Schayes
47%
Golden State Warriors (as Philadelphia Warriors)Joe Fulks, Andy Phillip and Paul Arizin
43.5%
Dallas MavericksMark Aguirre
43.5%
Washington Wizards (as Chicago Packers)Walt Bellamy
36.3%
New York KnicksVince Boryla and Harry Gallatin
14.3%
Portland TrailblazersGeoff Petrie
14.3%
Indiana PacersDon Buse and Billy Knight
12.5%
Phoenix SunsDick Van Arsdale and Gail Goodrich
11.9%
Sacramento Kings (as Rochester Royals)Bob Davies
10.1%
Milwaukee BucksJohn McGlocklin
7.1%
Detroit Pistons (as Fort Wayne Pistons)Fred Schaus and Larry Foust
6.5%
Atlanta Hawks (as Tri-City Blackhawks)Frankie Brian and Dike Eddleman
4.8%
Oklahoma City Thunder (as Seatlle Supersonics)Mahdi Abdul-Rahman
4.8%
Houston Rockets (as San Diego RocketsDon Kojis
4.8%
Los Angeles Clippers (as Buffalo Braves)Bob Kauffman
3.6%

You're not logged in!

Compare scores with friends on all Sporcle quizzes.
OR
Log In

Show Comments

Extras

Top Quizzes Today


Score Distribution

Your Account Isn't Verified!

In order to create a playlist on Sporcle, you need to verify the email address you used during registration. Go to your Sporcle Settings to finish the process.

Report this User

Report this user for behavior that violates our Community Guidelines.

Details: